000 00567nam a22001937a 4500
001 0011921
003 DO-SdBNP
005 20180216104619.0
008 180216b xxu||||| |||| 00| 0 spa d
040 _aBPMSU
_bspa
_cBPMSU
100 1 _aSilva Lee, Alfonso
245 1 _aConozca :
_bfauna de fiesta /
_cAlfonso Silva Lee ; ilustraciones Omar Moya Moya
260 _aLa Habana, Cuba:
_bGente Nueva,
_c1992.
490 _aBiblioteca escolar
700 _aMoya Moya, Omar,
_eil.
830 _aBiblioteca escolar
942 _2ddc
_cBK
945 _aInventariado, 2018/MFF
999 _c12338
_d12338